| 000 | 01350cad a22002415a 4500 | ||
|---|---|---|---|
| 001 | L153338 | ||
| 008 | 110712s2011 xxk 000 0 eng d | ||
| 020 | _a9781842197011 | ||
| 035 | _a(Sirsi) u153338 | ||
| 041 | 0 | _aeng | |
| 050 | 0 | 4 | _a622.0687 $2 20 |
| 110 | 2 |
_aRoyal Institution of Chartered Surveyors _94900 |
|
| 245 | 0 | 0 |
_aMining waste directive 2006/21/EC _h[electronic resource] |
| 260 |
_aCoventry _bRICS _c2011 |
||
| 490 |
_aRICS Information Paper _v(IP 21/2011) |
||
| 520 | _aThis information paper considers how the Mining Waste Directive (MWD) applies to the management of extractive waste from land-based extractive industries and the relevant regulatory procedures required for England and Wales under the Environmental Permitting (England and Wales) Regulations 2010. It explains the general application of the MWD in England and Wales,and provides references to supporting guidance provided by bodies such as the Environment Agency and the CBI Minerals Group. | ||
| 520 | _aOUT OF DATE ARCHIVED 23 DECEMBER 2016 | ||
| 590 | _aKA NTK | ||
| 651 | 4 |
_aEngland and Wales _y1543- |
|
| 690 | _aENVIRONMENTAL AND LAND CONSULTANCY-WASTE MANAGEMENT | ||
| 856 | 4 | 0 |
_uhttps://www.rics.org/Global/Mining_Waste_Directive_2006-21-EC_1st_edition_PGguidance_2011.pdf _zView the item free of charge (members only) at www.rics.org |
| 942 | _n0 | ||
| 999 |
_c112474 _d112474 |
||